Statistics for Countries Of The World That Begin With A,S,I,or A But Are Not Found In Asia

Click here to take the quiz!

General Stats

  • This quiz has been taken 221 times
    (158 since last reset)
  • The average score is 25 of 34

Answer Stats

Answer% Correct
Argentina
89%
Ireland
84%
Iceland
84%
Australia
83%
Algeria
82%
Switzerland
81%
Sweden
81%
Suriname
81%
Albania
81%
Andorra
81%
Antigua And Barbuda
81%
Angola
79%
Slovakia
78%
Slovenia
78%
Austria
78%
Sudan
77%
Serbia
77%
South Sudan
77%
South Africa
75%
Somalia
73%
Italy
72%
Senegal
70%
Swaziland
69%
St Lucia
67%
Seychelles
67%
St Kitts and Nevis
67%
San Marino
66%
Spain
65%
St Vincent and the Grenadines
65%
Sao Tome and Principe
64%
Samoa
64%
Solomon Islands
58%
Sierra Leone
52%
Ivory Coast
43%

Score Distribution

Percentile by Number Answered

Percent of People with Each Score

Your Score History

You have not taken this quiz since the last reset